LEADER 01240nam 2200409 450 001 990003272700203316 005 20090616124446.0 010 $a88-8492-402-2 035 $a000327270 035 $aUSA01000327270 035 $a(ALEPH)000327270USA01 035 $a000327270 100 $a20090616d2006----km-y0itay50------ba 101 $aeng 102 $aIT 105 $a||||||||001yy 200 1 $aPower and culture$ehegemony, interaction and dissent$fedited by Ausma Cimdina and Jonathan Osmond 210 $aPisa$cPlus$d2006 215 $aXIII, 177 p.$cill.$d24 cm 300 $aNell'occhietto: Thematic work group 2. Power and culture 1. 300 $aPubblicato nell'ambito del progetto di ricerca CLIOHRES.net 410 0$12001 454 1$12001 461 1$1001-------$12001 606 0 $aPolitica [e] Cultura$2BNCF 676 $a306 702 1$aOSMOND,$bJonathan 702 1$aCIMDINA,$bAusma 712 02$aThematic work group 2, Power and culture 801 0$aIT$bsalbc$gISBD 912 $a990003272700203316 951 $aX.4. 91/2.1$b589 L.G.$cX.4.$d00226444 959 $aBK 969 $aUMA 979 $aMARTUCCIEL$b90$c20090616$lUSA01$h1244 996 $aPower and culture$91118290 997 $aUNISA LEADER 01095nam a2200277 i 4500 001 991001055299707536 005 20020507105815.0 008 970308s1967 it ||| | ita 035 $ab10167201-39ule_inst 035 $aLE00641377$9ExL 040 $aDip.to Fisica$bita 084 $a621.7 084 $a671 100 1 $aBuccino, Mario$0331006 245 13$aIl libro del tornitore moderno :$btecnica d'officina per tecnici, capi officina, operai, allievi di scuole ed istituti industriali /$cMario Buccino 250 $a4a ed. 260 $aMilano :$bUlrico Hoepli Ed.,$c1967 300 $a425 p. ;$c22 cm. 650 4$aLavorazione dei metalli-Tornitura 907 $a.b10167201$b21-09-06$c27-06-02 912 $a991001055299707536 945 $aLE006 621.7 BUC$g2$i2006000050203$lle006$o-$pE0.00$q-$rl$s- $t0$u1$v0$w1$x0$y.i10204039$z27-06-02 945 $aLE006 621.7 BUC$g1$i2006000050210$lle006$o-$pE0.00$q-$rl$s- $t0$u1$v0$w1$x0$y.i10204040$z27-06-02 996 $aLibro del tornitore moderno$9107528 997 $aUNISALENTO 998 $ale006$b01-01-97$cm$da $e-$fita$git $h3$i2